000 00995nam a22002297a 4500
005 20240530110530.0
008 160316s2013 ua g b 000 0 ara d
017 _a2013/1538
_bمصر . دار الكتب المصرية
020 _a9789777220019
040 _aEG-CaGPL
082 0 4 _221
_a658.3\
_bأ أ
100 0 _aالسيد فتحى الويشى
245 1 2 _aالاساليب القيادية للموارد البشرية :
_b( الاخلاق الادارية - استراتيجيات التغيير ) /
_cتاليف السيد فتحى الويشى
250 _aط1
260 _aالقاهرة :
_bالمجموعة العربية للتدريب و النشر ،
_c2013 .
300 _a186 ص ؛
_c24 سم .
504 _aيشتمل على ارجاعات ببليوجرافية
650 0 4 _aالموارد البشرية
_xتنظيم و ادارة
650 0 4 _aتنمية الموارد البشرية
942 _2ddc
_cBK
999 _c62076
_d62076